000 00780nam a2200277Ia 4500
003 OSt
005 20221006144543.0
006 a|||||r|||| 00| 0
007 ta
008 221006b |||||||| |||| 00| 0 eng d
020 _aB000M3QJMI
_c9.00
024 _a11,955
037 _cTextual
040 _aEASL
_cEASL
_beng
041 _2eng
_aeng
082 _aV2,4N1.N3, L2
100 _aNandi Dwijendra
245 0 _aSome documents relationg to early Indian communists and controversies around them
260 _aNew Delhi
_bDwijendra Nandi India
_c1972
300 _a136p.
_ccm.
490 _v Gen
650 _a Gen
650 _aIndia - Communists
_9652241
942 _hV2,4N1.N3, L2
_cTEXL
_2CC
999 _c1080041
_d1080041